000
00202 a2200097 4500
001
37976
100
_a
Johnson P
245
_a
A History of Christianity
260
_a
_b
_c
1993
090
_c
24155
_d
24155
942
_a
NUST-CAE
_c
M
_c
15731
999
_c
273049
_d
273049